Normal view
MARC view
- Islam-Essaya
Entry Topical Term
001 - CONTROL NUMBER
- control field: 113816
003 - CONTROL NUMBER IDENTIFIER
- control field: NUST
005 - DATE AND TIME OF LATEST TRANSACTION
- control field: 20230725150829.0
008 - FIXED-LENGTH DATA ELEMENTS
- fixed length control field: 230725|| aca||aabn | a|a d
040 ## - CATALOGING SOURCE
- Original cataloging agency: NUST
- Transcribing agency: NUST
150 ## - HEADING--TOPICAL TERM
- Topical term or geographic name entry element: Islam-Essaya
670 ## - SOURCE DATA FOUND
- Source citation: Work cat.: (NUST)595039: Azeemi, Khawaja Shams Ul Deen 113254, Zindagi Aur Mout , 2022.
